Statistics for ASEAN Member States

Click here to take the quiz!

General Stats

  • This quiz has been taken 34 times
  • The average score is 11 of 12

Answer Stats

JoinedStatusCountry% Correct
1997MemberLaos
100%
1999MemberCambodia
96%
FounderMemberMalaysia
96%
FounderMemberPhilippines
96%
1995MemberVietnam
96%
1984MemberBrunei
93%
1997MemberMyanmar
93%
FounderMemberSingapore
93%
FounderMemberThailand
93%
Maybe?Candidate/observer stateEast Timor
89%
FounderMemberIndonesia
89%
N/AObserver statePapua New Guinea
81%

Score Distribution

Percentile by Number Answered

Percent of People with Each Score

Your Score History

You have not taken this quiz